Az utolsó istentisztelet búcsú a Demeter templomtól
Elmentve itt :
| Dokumentumtípus: | Cikk |
|---|---|
| Megjelent: |
1913-07-15
|
| Sorozat: | Délmagyarország
4 No. 163 |
| Kulcsszavak: | Templomépítés Szeged 1913, Demeter templom, építészet, műemlékvédelem |
| Online Access: | http://dmarchiv.bibl.u-szeged.hu/77504 |
| LEADER | 00494nab a2200145 i 4500 | ||
|---|---|---|---|
| 001 | delm77504 | ||
| 005 | 20180928090457.0 | ||
| 008 | 180928s1913 hu o 0|| hun d | ||
| 040 | |a SZTE Délmagyarország Archívum |b hun | ||
| 041 | |a hun | ||
| 245 | 0 | 3 | |a Az utolsó istentisztelet |h [elektronikus dokumentum] : |b búcsú a Demeter templomtól |
| 260 | |c 1913-07-15 | ||
| 300 | |a 5-6 | ||
| 490 | 0 | |a Délmagyarország |v 4 No. 163 | |
| 695 | |a Templomépítés Szeged 1913, Demeter templom, építészet, műemlékvédelem | ||